MDQL
is popping MORE tags! Check the
thread
!
Quizzes
Events
Quiz Creation
Community
Videos
Private Events
Remove Ads
Sign In
Join for FREE
Feedback
Dark Mode
Quiz Categories
Sports
Geography
Music
Movies
Television
Just For Fun
Miscellaneous
History
Literature
Language
Science
Gaming
Entertainment
Religion
Holiday
For Kids
Quiz Lab
Recent
Popular Today
Quiz Kudos Today
Editor Picks
Curator Picks
Quizzes by...
Day
Popularity
Type
Ratings
Length
Year
Community
Subscriptions
Recent Discussions
Orange Saloon
Badges
Playlists
Quests
Create
Leaderboards
Showdown
Live 5
Trivia Bingo
Activity
Puzzle Library
Sporcle Events
Private Events
Virtual Trivia
Globe League
Become a Host
Pub Owners
SporcleCon
Opinionation
Our Games
Videos
Blog
Mobile Apps
Partnerships
Remove Ads and Go Orange
Feedback
Movies
Disney
Marvel Cinematic Universe
Movie Resume
Movie Titles
Oscar
Actor
Actress
Director
Pixar
Role
Movie Quotes
Movie Characters
Box Office
Nominee
Best Picture
Star Wars
James Bond
Horror Movies
Movies
Disney
Marvel Cinematic Universe
Movie Resume
Movie Titles
Oscar
Actor
Actress
Director
Pixar
Role
Movie Quotes
Movie Characters
Box Office
Nominee
Best Picture
Star Wars
James Bond
Horror Movies
Random Quiz
Search Sporcle
×
Quiz Lab
Quiz Lab
Movies
Pixar
Type in answers that appear in a list
Type in answers that appear in a list
Classic
Best Score? Go Orange.
Disney Film Quotes (Pixar Included) III Stats
Can you name the Disney Film Quotes (Pixar Included) III?
By
forts
10m
33 Questions
2,356 Plays
2,356 Plays
2,356 Plays
Comments
Comments
Give Quiz Kudos
Give Quiz Kudos
-
- Ratings
hide this ad
Forced Order
Answers have to be entered in order
Answers have to be entered in order
Replay
Link that replays current quiz
Next Quiz
Link to next quiz in quiz playlist
You Got
0%
They Got
Avg Score
36%
Avg Friend Score
Upgrade to see
Score Distribution
Jump to the score distribution portion of the page
Score
0/33
Timer
10:00
0
Plays Today
Quote
Film
% Correct
'It's a dinglehopper. Humans use these little babies... to straighten their hair out. See? Just a little twirl here and a yank there and voila.'
The Little Mermaid
74.6%
''Cause we were like, 'woaaaah.', and I was like, 'woaaaah.' and you were like, 'woaaahh...''
Finding Nemo
73.7%
'Well... guess he won't need me anymore. What does an actor want with a conscience, anyway?'
Pinocchio
72.7%
'Ah, here it is! 'The Victim of the Sleeping Death can be revived only by Love's First Kiss.''
Snow White & The Seven Dwarfs
66.3%
'Look, there's a great big hunk of world down there, with no fence around it. Where two dogs can find adventure and excitement.'
Lady & The Tramp
53.8%
'In many ways, the work of a critic is easy. We risk very little yet enjoy a position over those who offer up their work and their selves to our judgment.'
Ratatouille
53%
'You know, I have the strangest feeling that I've seen that ship before. A long time ago, when I was very young.'
Peter Pan
47.8%
'My God, you've gotten fat.'
The Incredibles
46.3%
'I'm not afraid of the Horned King.' 'Then you are a very foolish lad. Untried courage is no match for his evil. Just remember that.'
The Black Cauldron
44.8%
'Oh, man, you get to work with Bessie! I'd give my left two lugnuts for somethin' like that!'
Cars
44.1%
'Ha-
Ha! Man that's what I call a swinging party.'
The Jungle Book
43.9%
'Oh boy, these old wings ain't what they used to be. Big Mama, you better lose a few pounds.'
Fox & The Hound
43.4%
'His destructive programming is taking effect. He will be irresistibly drawn to large cities, where he will back up sewers, reverse street signs, and steal everyone's left shoe.'
Lilo & Stitch
43.4%
'Uh, ma -
ma'am? I, uh, um, well, I just wanted to say you're a bright young woman with a beautiful yarn full of hair. A hair full of yarn. It's ah... um... I must go.'
Toy Story 2
42.4%
'Eating greens is a special treat, It makes long ears and great big feet. But it sure is awful stuff to eat... I made that last part up myself.'
Bambi
40.6%
'But I AM flying! And from way up here you all look like little ants.'
A Bug's Life
40.2%
'A life for a life. My debt is repaid.'
Mulan
40%
Quote
Film
% Correct
'I could stand the sight of worms and look at microscopic germs, but technicolor pachyderms is really much for me.'
Dumbo
37%
'Psst, Fungus. Fungus, you like cars? Because I got a really nice car. You let me go, I'll give you... a ride... in the car.'
Monsters Inc.
34.7%
'That, children... is a jerkosaurus.'
Dinosaur
31.1%
'Foreign contaminant! Huh? Whoa-
whoa-
whoa whoa whoa!'
WALL-E
30.8%
'Ha! Bovine bounty hunters! Now I've seen everything.'
Home On The Range
30.7%
'Donald, its me, Mickey. You're on in 30 seconds. Hurry.'
Fantasia 2000
27.7%
'Please don't. That tickles. No, get off, get off, get-
get off!' *kick*
Tarzan
27.1%
'I'm starting to see my life pass in front of my eyes! At least, I think it's my life. Was I ever dancing with an android named Lupé?'
Treasure Planet
24.9%
'You fight almost as well as a man.' 'Funny, I was going to say the same thing about you.'
The Hunchback Of Notre Dame
21.7%
'Why so melancholy? A wondrous future lies before you -
you, the destined hero of a charming fairy tale come true.'
Sleeping Beauty
20.2%
'By the way, I'd like to say I've always found you extremely attractive.' *kiss*
Chicken Little
14.8%
'Whoops! Not as spry as I was when I was eighty.'
The Aristocats
11.9%
'Hey, man, you're ugly! And you're uglier than him! And you're Ugly, Part Three! Hey, you're Revenge of the Ugly!'
Oliver & Co.
10.8%
'Merrily on our way to nowhere in particular.'
The Adventures Of Ichabod & Mr. Toad
8.8%
'Well she used to be a good milker but now she's an udder failure.'
Fun & Fancy Free
4.4%
'I can't remember what fun is for'
James & The Giant Peach
2.1%
Quiz Playlist
Details
Report
Send in Message
Add To Playlist
Classic:
Type in answers that appear in a list
Forced Order:
Answers have to be entered in order
Last Updated: May 14, 2017
Quiz Scoreboard
CHALLENGE
Sign Up to Join the Scoreboard
Show All
Scores
Hide
Comments
May contain spoilers
Recently Published
Holiday 10x10 Sorting Gallery
by lukepisani3
Holiday
15m
Two Season TV Shows II
by 123Four
Television
10m
Image Sorting: Flags VI
by Barbecue
Geography
2m
More to Explore
Quiz From the Vault
Featured Blog Post
14 Easter Pick-up Lines to Find Eggs With
hide this ad
You Might Also Like...
Tags
Animation Quiz
Disney Quiz
Pixar Quiz
Quote Quiz
Character
Today's Top Quizzes in Movies
Browse Movies
hide this ad
Today's Top Quizzes in Pixar
Browse Pixar
Top Contributed Quizzes in Movies
1
The ultimate James Bond movie quiz
2
Find The 'Big' Movie
3
Find The 'Wild' Movie
4
Find The 'Blue' Movie
5
Movies By Plot
6
Hidden Star Wars Character II
7
Hidden Star Wars Character III
8
25 Best Actor Nominees (1990s)
9
Hidden Star Wars Character IV
10
Pick 5 Posters: Directed by Spielberg
Explore More
Trending Topics
Anime
NBA
Marvel
Kpop
Harry Potter
Crossword
Disney
WWE
The Office
Pokémon
Song
Puzzle
Country
Soccer
NFL
hide this ad
More By:
forts
Quiz
Plays
Rating
Category
Featured
Created
Tearjerker Disney Quotes
177,141
4.23
Movies
Apr 5, 2010
Disney Villains' Final Words
87,049
4.14
Movies
May 5, 2010
Tough Disney Film Quotes
63,074
4.46
Movies
Dec 27, 2010
Disney Film Quotes (Pixar Included) II
3,581
4.60
Movies
Mar 24, 2010
Disney Deaths In Film
3,339
4.55
Movies
Jul 30, 2010
Go to Creator's Profile
Score Distribution
Quiz Creator Spotlight
forts
Follow
Send a Message
Quizzes Created
-
Created Quiz Play Count
-
More By This Creator
Popular Quizzes Today
1
Find the US States - No Outlines Minefield
2
Colored Red Africa Blitz
3
Find the 'City' Movie
4
The Countries of the World
5
5x2 Blitz: Bands
6
Find the Countries of Europe - No Outlines Minefield
7
Find the US States
8
US States
More Movies Quizzes
Aliens Attack!
Published
Trending Quizzes
Colored Red Europe Blitz I
Colored Red Africa Blitz II
Colored Red Europe Blitz II
Even More Two Season TV Shows
Colored Red Africa Blitz III
Recently Updated
Quick Pick: 20 Twenties
pecheneg
March Madness Men's Triple Doubles
pecheneg
How Do You Spell That?
pecheneg
Godzilla Movies
pecheneg
Grab Bag: 4-10 Letters
pecheneg
2024 March Madness Bracket
pecheneg
Famous TV Couples
Peacemaker
Champions League XIs: Real Madrid
pecheneg
Largest US Cities 1790-2010
pecheneg
Rides in Walt Disney World
pecheneg
Trending Topics
Harry Potter
Marvel
NBA
Disney
Kpop
Anime
Crossword
WWE
Soccer
Country
Puzzle
Pokémon
The Office
Song
NFL
Your Account Isn't Verified!
In order to create a playlist on Sporcle, you need to verify the email address you used during registration. Go to your
Sporcle Settings
to finish the process.
Report this User
Report this user for behavior that violates our
Community Guidelines
.
Details:
Send Report
Go to the Sporcle.com Mobile Site →
Comments